[Event "Chigorin Memorial 24th"]
[Site "St Petersburg"]
[Date "2016.10.22"]
[Round "8"]
[White "Esipenko, Andrey"]
[Black "Polyaninov, Aleksey Vladimirovi"]
[Result "1-0"]
[WhiteElo "2490"]
[BlackElo "2256"]
[PlyCount "81"]
[EventDate "2016.10.15"]
[EventType "swiss"]
[EventRounds "9"]
[EventCountry "RUS"]
[SourceTitle "CBM 175 Extra"]
[Source "ChessBase"]
[SourceDate "2016.12.12"]
[SourceVersion "1"]
[SourceVersionDate "2016.12.12"]
[SourceQuality "1"]

1. d4 Nf6 2. c4 e6 3. Nf3 Bb4+ 4. Nbd2 0-0 5. a3 Bxd2+ 6. Qxd2 d6 7. e3 Qe7 8. Be2 e5 9. Qc2 Bg4 10. h3 Bh5 11. 0-0 e4 12. Nh2 Bxe2 13. Qxe2 c6 14. b3 Nbd7 15. a4 Rfe8 16. Ba3 Qe6 17. Rfc1 Nf8 18. Nf1 Rad8 19. Rab1 Qf5 20. b4 Ng6 21. c5 d5 22. b5 Nh4 23. Ng3 Qg5 24. Kh1 h5 25. Qf1 Re6 26. Ne2 Ng4 27. Nf4 Rh6 28. Rc3 Re8 29. a5 a6 30. bxc6 bxc6 31. Rb6 Qf5 32. Kg1 Ree6 33. Qxa6 Nxg2 34. Kxg2 Qg5 35. Kf1 Nh2+ 36. Ke2 Ref6 37. Rb8+ Kh7 38. Qa8 Rxf4 39. exf4 Qf6 40. Rh8+ Kg6 41. Rg3+ 1-0

[Event "Chigorin Memorial 24th"]
[Site "St Petersburg"]
[Date "2016.10.17"]
[Round "3"]
[White "Lovkov, Roman"]
[Black "Polyaninov, Aleksey Vladimirovi"]
[Result "1/2-1/2"]
[WhiteElo "2441"]
[BlackElo "2256"]
[PlyCount "100"]
[EventDate "2016.10.15"]
[EventType "swiss"]
[EventRounds "9"]
[EventCountry "RUS"]
[SourceTitle "CBM 175 Extra"]
[Source "ChessBase"]
[SourceDate "2016.12.12"]
[SourceVersion "1"]
[SourceVersionDate "2016.12.12"]
[SourceQuality "1"]

1. d4 Nf6 2. c4 d6 3. Nf3 Bf5 4. Qb3 Qc8 5. Nc3 h6 6. g3 c6 7. Bg2 Nbd7 8. 0-0 e5 9. d5 Nc5 10. Qd1 cxd5 11. Nxd5 Nxd5 12. cxd5 a5 13. Be3 b6 14. Nd2 Be7 15. f4 exf4 16. Bxf4 Bg6 17. Nc4 Qd8 18. Qd4 0-0 19. e4 b5 20. Ne3 Nd7 21. Rac1 Bf6 22. Qd2 Ne5 23. Kh1 Re8 24. Rf2 h5 25. Bxe5 Bxe5 26. Qd3 h4 27. Nf5 Bxf5 28. Rxf5 g6 29. Rf3 hxg3 30. hxg3 Kg7 31. Bh3 Rh8 32. Kg2 b4 33. Qe3 Bxb2 34. Rcf1 f6 35. Be6 Be5 36. Rc1 a4 37. Rc6 b3 38. Qc1 Re8 39. axb3 a3 40. Rf1 Re7 41. Rh1 g5 42. Bf5 Kg8 43. Rh6 Qf8 44. Qh1 Qg7 45. Be6+ Rxe6 46. Rc7 f5 47. Rxg7+ Bxg7 48. Rxe6 a2 49. exf5 a1Q 50. Qxa1 Rxa1 1/2-1/2

[Event "Chigorin Memorial 22nd"]
[Site "St Petersburg"]
[Date "2014.10.24"]
[Round "7"]
[White "Bodnaruk, Anastasia"]
[Black "Polyaninov, Aleksey Vladimirovi"]
[Result "0-1"]
[WhiteElo "2440"]
[BlackElo "2295"]
[PlyCount "120"]
[EventDate "2014.10.18"]
[EventType "swiss"]
[EventRounds "9"]
[EventCountry "RUS"]
[SourceTitle "EXT 2015"]
[Source "ChessBase"]
[SourceDate "2014.11.20"]
[SourceVersion "1"]
[SourceVersionDate "2014.11.20"]
[SourceQuality "1"]

1. e4 c6 2. d4 d5 3. e5 Bf5 4. Nf3 e6 5. Be2 Nd7 6. 0-0 h6 7. b3 Ne7 8. c4 Ng6 9. Be3 f6 10. Ne1 fxe5 11. cxd5 cxd5 12. Bh5 Nf6 13. g4 Nxh5 14. gxf5 Ngf4 15. Qg4 exf5 16. Qxf5 Qg5+ 17. Qxg5 hxg5 18. dxe5 d4 19. Bxf4 Nxf4 20. Nf3 Ne2+ 21. Kg2 g4 22. Ng1 Nxg1 23. Rxg1 Rh5 24. Nd2 Bb4 25. Nc4 Ke7 26. Rad1 Bc3 27. Kg3 b5 28. Kxg4 Rxh2 29. Kg3 Rh5 30. Kg4 Rah8 31. Nd2 Rxe5 32. Nf3 Rd5 33. Rd3 b4 34. Kf4 Kf6 35. Ke4 Rhd8 36. Kf4 Ra5 37. Nh2 Rf5+ 38. Kg3 Rg5+ 39. Ng4+ Kf5 40. f3 Re8 41. Rgd1 Rd8 42. Rh1 a5 43. Rhd1 Rg6 44. Rh1 Re8 45. Rhd1 Re2 46. Rxd4 Bxd4 47. Rxd4 Rxa2 48. Rd5+ Ke6 49. Rb5 Kd7 50. Kf4 Kc6 51. Rh5 Rxg4+ 52. fxg4 a4 53. bxa4 b3 54. Rh1 Rxa4+ 55. Kf5 Kb5 56. g5 Ra7 57. Ke4 Kb4 58. Rh8 b2 59. Rb8+ Ka3 60. Kd3 Ka2 0-1

[Event "Chigorin Memorial 22nd"]
[Site "St Petersburg"]
[Date "2014.10.22"]
[Round "5"]
[White "Belova, Olga"]
[Black "Polyaninov, Aleksey Vladimirovi"]
[Result "0-1"]
[WhiteElo "2080"]
[BlackElo "2295"]
[PlyCount "86"]
[EventDate "2014.10.18"]
[EventType "swiss"]
[EventRounds "9"]
[EventCountry "RUS"]
[SourceTitle "EXT 2015"]
[Source "ChessBase"]
[SourceDate "2014.11.20"]
[SourceVersion "1"]
[SourceVersionDate "2014.11.20"]
[SourceQuality "1"]

1. e4 c5 2. Nf3 e6 3. d4 cxd4 4. Nxd4 Nc6 5. Nb5 d6 6. Bf4 e5 7. Be3 Nf6 8. Bg5 Qa5+ 9. Bd2 Qd8 10. Bg5 Be6 11. N1c3 a6 12. Na3 Be7 13. Bxf6 Bxf6 14. Nc4 0-0 15. h4 b5 16. Ne3 Qa5 17. Qd2 Ne7 18. Be2 b4 19. Ncd5 Bxd5 20. exd5 e4 21. a3 Qc7 22. Nc4 a5 23. 0-0 Qc5 24. Rad1 Ng6 25. h5 Ne5 26. axb4 axb4 27. b3 Nxc4 28. Bxc4 Bc3 29. Qf4 f5 30. h6 g6 31. g4 fxg4 32. Qxg4 Rae8 33. Kg2 Rf5 34. f4 Ref8 35. Rf2 Qc7 36. Rdf1 Qf7 37. Qe2 Bd4 38. Qxe4 Bxf2 39. Rxf2 Rxf4 40. Rxf4 Qxf4 41. Qe6+ Kh8 42. Qe7 Qxh6 43. Qxd6 Qd2+ 0-1

[Event "Chigorin Memorial 22nd"]
[Site "St Petersburg"]
[Date "2014.10.21"]
[Round "4"]
[White "Polyaninov, Aleksey Vladimirovi"]
[Black "Smirnov, Pavel"]
[Result "0-1"]
[WhiteElo "2295"]
[BlackElo "2611"]
[PlyCount "64"]
[EventDate "2014.10.18"]
[EventType "swiss"]
[EventRounds "9"]
[EventCountry "RUS"]
[SourceTitle "EXT 2015"]
[Source "ChessBase"]
[SourceDate "2014.11.20"]
[SourceVersion "1"]
[SourceVersionDate "2014.11.20"]
[SourceQuality "1"]

1. Nf3 Nf6 2. d4 d5 3. c3 c5 4. dxc5 e6 5. b4 a5 6. Bf4 axb4 7. cxb4 Nc6 8. Bd2 Ne4 9. a4 b6 10. e3 bxc5 11. Bb5 Bd7 12. bxc5 Qf6 13. Ra2 Bxc5 14. Rc2 Ne5 15. Nc3 Bxb5 16. Nxb5 0-0 17. 0-0 Rxa4 18. Nc3 Nxf3+ 19. Qxf3 Rc4 20. Nxe4 Qxf3 21. Rxc4 Qf5 22. Rxc5 Qxe4 23. Rcc1 h5 24. Rfd1 Ra8 25. Be1 g5 26. Rd4 Qf5 27. h4 e5 28. Rxd5 gxh4 29. f4 Qg4 30. Rxe5 f6 31. Rd5 Ra2 32. Rd8+ Kf7 0-1

[Event "St Petersburg-ch rap"]
[Site "St Petersburg"]
[Date "2014.03.08"]
[Round "5"]
[White "Polyaninov, Aleksey Vladimirovi"]
[Black "Saveliev, Alexei"]
[Result "0-1"]
[WhiteElo "2293"]
[BlackElo "2202"]
[PlyCount "55"]
[EventDate "2014.03.08"]
[EventType "swiss (rapid)"]
[EventRounds "9"]
[EventCountry "RUS"]
[SourceTitle "CBM 159 Extra"]
[Source "ChessBase"]
[SourceDate "2014.04.24"]
[SourceVersion "1"]
[SourceVersionDate "2014.04.24"]
[SourceQuality "1"]

1. e4 c5 2. Nf3 e6 3. d3 d5 4. Nbd2 Nc6 5. g3 Nf6 6. Bg2 Be7 7. 0-0 b6 8. Re1 Bb7 9. c3 Qc7 10. a3 0-0 11. e5 Nd7 12. Qe2 Rae8 13. Nf1 f6 14. exf6 Bxf6 15. Ne3 Qd6 16. Ng4 e5 17. Nxf6+ Nxf6 18. Bg5 Ba6 19. Qc2 Bc8 20. b4 e4 21. Bf4 Qd8 22. dxe4 Nxe4 23. Rad1 Nf6 24. Ne5 Nxe5 25. Bxe5 Bb7 26. bxc5 bxc5 27. c4 Ng4 28. Bf4 0-1

[Event "Chigorin Memorial rap 20th"]
[Site "St Petersburg"]
[Date "2012.10.25"]
[Round "1"]
[White "Polyaninov, Aleksey Vladimirovi"]
[Black "Popov, Ivan1111"]
[Result "1-0"]
[WhiteElo "2313"]
[BlackElo "2614"]
[PlyCount "101"]
[EventDate "2012.10.25"]
[EventType "swiss (rapid)"]
[EventRounds "9"]
[EventCountry "RUS"]
[SourceTitle "EXT 2013"]
[Source "ChessBase"]
[SourceDate "2012.11.22"]
[SourceVersion "1"]
[SourceVersionDate "2012.11.22"]
[SourceQuality "1"]

1. Nf3 c5 2. g3 g6 3. Bg2 Bg7 4. 0-0 Nc6 5. c3 e5 6. e4 Nge7 7. a3 0-0 8. b4 d6 9. d3 h6 10. Nbd2 Be6 11. Rb1 b6 12. Bb2 f5 13. Re1 Qd7 14. bxc5 dxc5 15. d4 fxe4 16. Nxe5 Nxe5 17. dxe5 Nc6 18. Bxe4 Rad8 19. Nf1 Qf7 20. Qc2 Bb3 21. Qe2 Nxe5 22. Ne3 c4 23. Ba1 Nf3+ 24. Bxf3 Qxf3 25. Qxf3 Rxf3 26. Re2 Rf7 27. Nc2 Bxc2 28. Rxc2 Rfd7 29. Kg2 Rd1 30. Rxd1 Rxd1 31. Bb2 Rd3 32. a4 Kf7 33. Kf1 g5 34. h3 h5 35. Ke2 Ke6 36. Rd2 Bxc3 37. Bxc3 Rxc3 38. Rd8 Ra3 39. Rg8 Kf6 40. Rf8+ Kg7 41. Rc8 Rxa4 42. Ke3 b5 43. Rc5 Ra3+ 44. Ke4 Rb3 45. Rxg5+ Kh6 46. Rc5 a5 47. f4 a4 48. g4 hxg4 49. hxg4 a3 50. Kf5 a2 51. Rc7 1-0

[Event "St Petersburg Botvinnik Memorial op"]
[Site "St Petersburg"]
[Date "2012.08.31"]
[Round "7"]
[White "Polyaninov, Aleksey Vladimirovi"]
[Black "Rozum, Ivan"]
[Result "0-1"]
[WhiteElo "2316"]
[BlackElo "2500"]
[PlyCount "84"]
[EventDate "2012.08.25"]
[EventType "swiss"]
[EventRounds "9"]
[EventCountry "RUS"]
[SourceTitle "CBM 150 Extra"]
[Source "ChessBase"]
[SourceDate "2012.10.19"]
[SourceVersion "1"]
[SourceVersionDate "2012.10.19"]
[SourceQuality "1"]

1. e4 d6 2. d4 Nf6 3. Nc3 g6 4. Nf3 Bg7 5. Be2 0-0 6. 0-0 c6 7. h3 Qc7 8. Re1 e5 9. dxe5 dxe5 10. Bg5 Nbd7 11. Qc1 Nc5 12. Bh6 Nh5 13. Bf1 Nf4 14. Bxg7 Kxg7 15. Qe3 Qe7 16. Kh2 f6 17. a4 a5 18. Red1 Bd7 19. Nd2 Nfe6 20. Nc4 Nd4 21. Rd2 Be6 22. Rad1 Bxc4 23. Bxc4 Rfd8 24. b3 Rd7 25. Ne2 Rad8 26. Kg1 Nxc2 27. Rxd7 Rxd7 28. Rxd7 Nxd7 29. Qa7 Qb4 30. Ng3 Na3 31. Be6 Nc5 32. Bc8 Nb1 33. Qb8 Qe1+ 34. Kh2 Nd2 35. Nf5+ gxf5 36. Qc7+ Kh6 37. Bxf5 Nf1+ 38. Kg1 Ng3+ 39. Kh2 Nxf5 40. exf5 Qxf2 41. Qd6 Qg3+ 42. Kh1 Ne4 0-1

[Event "St Petersburg Botvinnik Memorial op"]
[Site "St Petersburg"]
[Date "2012.08.27"]
[Round "3"]
[White "Polyaninov, Aleksey Vladimirovi"]
[Black "Emdin, Mark"]
[Result "1/2-1/2"]
[WhiteElo "2316"]
[BlackElo "2109"]
[PlyCount "65"]
[EventDate "2012.08.25"]
[EventType "swiss"]
[EventRounds "9"]
[EventCountry "RUS"]
[SourceTitle "CBM 150 Extra"]
[Source "ChessBase"]
[SourceDate "2012.10.19"]
[SourceVersion "1"]
[SourceVersionDate "2012.10.19"]
[SourceQuality "1"]

1. Nf3 d5 2. g3 Nf6 3. Bg2 e6 4. 0-0 Be7 5. d3 b6 6. c4 c6 7. b3 Bb7 8. Bb2 0-0 9. Nbd2 c5 10. e3 Nc6 11. a3 Qc7 12. Rc1 Rac8 13. Qc2 Qb8 14. Rfe1 Rfe8 15. Qb1 Red8 16. Qa1 Ne8 17. d4 cxd4 18. exd4 dxc4 19. bxc4 Qa8 20. Bf1 Bf6 21. Re3 Ne7 22. Ne5 Nf5 23. Ree1 Ned6 24. c5 Bxe5 25. dxe5 Ne4 26. Nxe4 Bxe4 27. cxb6 axb6 28. Rxc8 Rxc8 29. Rc1 Rd8 30. Rd1 Rc8 31. Rc1 Rd8 32. Rd1 Rc8 33. Rc1 1/2-1/2

[Event "St Petersburg-ch sf"]
[Site "St Petersburg"]
[Date "2011.02.17"]
[Round "7"]
[White "Malakhov, Igor"]
[Black "Polyaninov, Aleksey Vladimirovi"]
[Result "1-0"]
[WhiteElo "2447"]
[BlackElo "2387"]
[PlyCount "107"]
[EventDate "2011.02.11"]
[EventType "swiss"]
[EventRounds "9"]
[EventCountry "RUS"]
[SourceTitle "CBM 141 Extra"]
[Source "ChessBase"]
[SourceDate "2011.05.03"]
[SourceVersion "1"]
[SourceVersionDate "2011.05.03"]
[SourceQuality "1"]

1. e4 c5 2. Nf3 Nc6 3. d4 cxd4 4. Nxd4 Nf6 5. Nc3 d6 6. Bc4 Qb6 7. Nb3 e6 8. Be3 Qc7 9. Be2 a6 10. a4 b6 11. 0-0 Be7 12. f4 0-0 13. g4 d5 14. exd5 Nxd5 15. Nxd5 exd5 16. Qxd5 Bb7 17. Rad1 Na5 18. Qd3 Qc6 19. Bf3 Qxa4 20. Ra1 Qe8 21. Nxa5 Bxf3 22. Rxf3 bxa5 23. Rxa5 Qc6 24. Rd5 Bf6 25. Rh3 h6 26. Rd6 Qb5 27. b3 Rfd8 28. Rxd8+ Rxd8 29. Qxb5 axb5 30. Rh5 b4 31. Kf2 Bc3 32. Kf3 Rd1 33. Ke4 Kh7 34. Rh3 g6 35. f5 Bg7 36. Bxh6 Bxh6 37. g5 gxf5+ 38. Ke5 Kg6 39. gxh6 Re1+ 40. Kd5 Kh7 41. Rh5 Re2 42. Rxf5 Rxc2 43. Rxf7+ Kxh6 44. Rf4 Kg5 45. Rxb4 Rxh2 46. Rd4 Kf6 47. b4 Ke7 48. Kc6 Rh6+ 49. Kc7 Re6 50. b5 Re1 51. b6 Rc1+ 52. Kb8 Rc2 53. b7 Rc1 54. Ka7 1-0

[Event "St Petersburg-ch sf"]
[Site "St Petersburg"]
[Date "2011.02.12"]
[Round "2"]
[White "Polyaninov, Aleksey Vladimirovi"]
[Black "Sheynin, Izrail"]
[Result "1/2-1/2"]
[WhiteElo "2387"]
[BlackElo "2120"]
[PlyCount "133"]
[EventDate "2011.02.11"]
[EventType "swiss"]
[EventRounds "9"]
[EventCountry "RUS"]
[SourceTitle "CBM 141 Extra"]
[Source "ChessBase"]
[SourceDate "2011.05.03"]
[SourceVersion "1"]
[SourceVersionDate "2011.05.03"]
[SourceQuality "1"]

1. g3 Nf6 2. Bg2 g6 3. Nf3 Bg7 4. 0-0 0-0 5. d4 d5 6. c4 c6 7. cxd5 cxd5 8. Ne5 Nc6 9. Nc3 Be6 10. Nxc6 bxc6 11. Na4 Qc8 12. Re1 Bh3 13. Bh1 Re8 14. Bf4 Nh5 15. Be3 e5 16. Rc1 Qa6 17. Bf3 exd4 18. Bxd4 Nf6 19. b3 Bf5 20. Qd2 Be4 21. Nc5 Qc8 22. Nxe4 Nxe4 23. Qb2 Bxd4 24. Qxd4 Qa6 25. Rc2 Re6 26. h4 Qb6 27. Rd1 h5 28. Kg2 Rd8 29. Qxb6 axb6 30. Bxe4 Rxe4 31. Rxc6 Rxe2 32. a4 Re6 33. Rc7 Kf8 34. Rd4 Re7 35. Rc6 Re6 36. Rc7 Re7 37. Rc3 Rd6 38. Rc8+ Re8 39. Rxe8+ Kxe8 40. Kf3 Ke7 41. Ke3 Ke6 42. Rb4 Ke5 43. Rb5 f6 44. f4+ Kf5 45. Kf3 g5 46. fxg5 fxg5 47. hxg5 Kxg5 48. b4 Kf5 49. a5 bxa5 50. bxa5 Ke5 51. Rb6 Rd8 52. Ke3 Rg8 53. Kf3 Rf8+ 54. Ke2 Ra8 55. a6 Kd4 56. Rc6 Ra7 57. Kd2 Rg7 58. Rb6 Ra7 59. Rc6 Rg7 60. Rb6 Rxg3 61. Rb4+ Kc5 62. Ra4 Rg8 63. a7 Ra8 64. Kd3 Kb6 65. Kd4 Rxa7 66. Rxa7 Kxa7 67. Kxd5 1/2-1/2

[Event "St Petersburg White Nights op"]
[Site "St Petersburg"]
[Date "2005.06.23"]
[Round "6"]
[White "Polyaninov, Aleksey Vladimirovi"]
[Black "Vunder, Andrei"]
[Result "1/2-1/2"]
[WhiteElo "2409"]
[BlackElo "2288"]
[PlyCount "101"]
[EventDate "2005.06.18"]
[EventType "swiss"]
[EventRounds "9"]
[EventCountry "RUS"]
[SourceTitle "CBM 106 Extra"]
[Source "ChessBase"]
[SourceDate "2005.07.01"]
[SourceVersion "1"]
[SourceVersionDate "2005.07.01"]
[SourceQuality "1"]

1. e4 e6 2. d4 d5 3. exd5 exd5 4. Bd3 c5 5. Nf3 c4 6. Be2 Nf6 7. b3 cxb3 8. axb3 Bd6 9. 0-0 0-0 10. Bg5 h6 11. Bh4 Bf5 12. Nc3 Be7 13. Ne5 Nc6 14. Bf3 Nb4 15. Rc1 Rc8 16. Qd2 Nxc2 17. Bxf6 Bxf6 18. Nxd5 Bg5 19. Ne3 Nxd4 20. Rxc8 Bxc8 21. Rd1 Nxf3+ 22. Nxf3 Qxd2 23. Rxd2 Rd8 24. Ra2 Bxe3 25. fxe3 a6 26. Nd4 Be6 27. Kf2 Rc8 28. Rd2 Rc3 29. b4 Rc4 30. Nxe6 fxe6 31. Rd8+ Kh7 32. b5 axb5 33. Rd7 Kg6 34. Rxb7 b4 35. h3 Kf6 36. Kf3 h5 37. g3 g5 38. Rb5 g4+ 39. hxg4 hxg4+ 40. Ke2 Rc2+ 41. Kd3 Rg2 42. Ke4 Rxg3 43. Kf4 Rf3+ 44. Kxg4 Rxe3 45. Rxb4 Ke5 46. Rb5+ Kd4 47. Rb4+ Kc5 48. Ra4 Rd3 49. Kg5 Kd5 50. Ra5+ Kd6 51. Kf4 1/2-1/2

[Event "St Petersburg White Nights op"]
[Site "St Petersburg"]
[Date "2004.??.??"]
[Round "2"]
[White "Hrabinska, Myroslava"]
[Black "Polyaninov, Aleksey Vladimirovi"]
[Result "1-0"]
[WhiteElo "2220"]
[BlackElo "2395"]
[PlyCount "87"]
[EventDate "2004.06.??"]
[EventType "swiss"]
[EventRounds "9"]
[EventCountry "RUS"]
[SourceTitle "CBM 100 Extra"]
[Source "ChessBase"]
[SourceDate "2004.07.06"]
[SourceVersion "2"]
[SourceVersionDate "2004.07.06"]
[SourceQuality "1"]

1. e4 c6 2. d4 d5 3. e5 Bf5 4. Nf3 e6 5. Be2 Nd7 6. 0-0 Ne7 7. Nbd2 Ng6 8. Re1 Be7 9. Nf1 Nh4 10. b3 0-0 11. Bb2 b5 12. Nxh4 Bxh4 13. c4 bxc4 14. bxc4 Qa5 15. Ne3 Bg6 16. c5 Rab8 17. Qc1 Bg5 18. Bc3 Qa4 19. g3 Rb7 20. f4 Be7 21. Bd1 Qa6 22. Bc2 Be4 23. Bxe4 dxe4 24. Qc2 f5 25. a3 Rfb8 26. Qa2 Rb3 27. Bb4 Qa4 28. Nd1 Kf7 29. Nc3 Rxc3 30. Bxc3 Rb3 31. Qd2 Qc4 32. Rec1 Qd5 33. Rcb1 e3 34. Qc2 Rxb1+ 35. Rxb1 g5 36. fxg5 Bxg5 37. Qe2 Kg6 38. Rb7 a5 39. h4 Bh6 40. h5+ Kf7 41. Qg2 Ke8 42. Qxd5 exd5 43. Bxa5 Nf8 44. Bc3 1-0

[Event "St Petersburg White Nights op"]
[Site "St Petersburg"]
[Date "2004.??.??"]
[Round "6"]
[White "Vitiugov, Nikita"]
[Black "Polyaninov, Aleksey Vladimirovi"]
[Result "1/2-1/2"]
[WhiteElo "2474"]
[BlackElo "2395"]
[PlyCount "59"]
[EventDate "2004.06.??"]
[EventType "swiss"]
[EventRounds "9"]
[EventCountry "RUS"]
[SourceTitle "CBM 100 Extra"]
[Source "ChessBase"]
[SourceDate "2004.07.06"]
[SourceVersion "2"]
[SourceVersionDate "2004.07.06"]
[SourceQuality "1"]

1. d4 Nf6 2. c4 e6 3. Nf3 Bb4+ 4. Nbd2 b6 5. a3 Bxd2+ 6. Qxd2 Bb7 7. e3 0-0 8. Be2 Nc6 9. b4 Ne4 10. Qd3 Ne7 11. 0-0 a6 12. Bb2 b5 13. cxb5 axb5 14. Qxb5 Ba6 15. Qxa6 Rxa6 16. Bxa6 Nd5 17. Bd3 f5 18. b5 d6 19. a4 Ng5 20. Nd2 f4 21. e4 Nb4 22. Be2 f3 23. Nxf3 Rxf3 24. Bxf3 Nxf3+ 25. gxf3 Qg5+ 26. Kh1 Nd3 27. Bc1 Qf6 28. Kg2 Qg6+ 29. Kh1 Qh5 30. Kg2 1/2-1/2

[Event "St Petersburg-Moscow"]
[Site "St Petersburg"]
[Date "2003.05.05"]
[Round "2"]
[White "Polyaninov, Aleksey Vladimirovi"]
[Black "Ulko, Jaroslav"]
[Result "1/2-1/2"]
[WhiteElo "2398"]
[BlackElo "2446"]
[PlyCount "105"]
[EventDate "2003.05.03"]
[EventType "team"]
[EventRounds "2"]
[EventCountry "RUS"]
[SourceTitle "CBM 095"]
[Source "ChessBase"]
[SourceDate "2003.07.25"]
[SourceVersion "1"]
[SourceVersionDate "2003.07.25"]
[SourceQuality "1"]

1. e4 c5 2. Nf3 e6 3. d3 Nc6 4. g3 g6 5. Bg2 Bg7 6. c3 e5 7. 0-0 Nge7 8. Be3 d6 9. d4 exd4 10. cxd4 Bg4 11. d5 Nd4 12. Nbd2 0-0 13. Bxd4 Bxd4 14. Qb3 Bg7 15. Qxb7 Rb8 16. Qxa7 Rxb2 17. Nc4 Rb4 18. Rac1 Nc8 19. Qa3 Nb6 20. Qd3 Bh6 21. Rc2 Bc8 22. Na5 Qe8 23. Re1 Qa4 24. a3 Rb5 25. Nc6 Re8 26. Qd1 f6 27. Nd2 Qxa3 28. Bf1 Rb2 29. Qc1 Bxd2 30. Rxd2 Rb3 31. Qxa3 Rxa3 32. Rb2 Na4 33. Rb8 Bd7 34. Rxe8+ Bxe8 35. Ne7+ Kf8 36. Nc8 Nc3 37. Nxd6 Bd7 38. Nc4 Ra2 39. f4 Bg4 40. Ne3 Bf3 41. e5 fxe5 42. fxe5 Nxd5 43. Bc4 Rd2 44. Rf1 Nxe3 45. Rxf3+ Nf5 46. g4 Rd4 47. gxf5 Rxc4 48. fxg6+ Kg7 49. gxh7 Re4 50. Rf7+ Kh8 51. Re7 c4 52. Kf2 c3 53. Rc7 1/2-1/2